000 00488nam a2200169Ia 4500
999 _c20059
_d20059
003 OSt
005 20200703112132.0
008 190216s9999||||xx |||||||||||||| ||und||
020 _a0631131523
040 _coclc
082 _a941.07
_bMID/B
100 _aMiddleton, Haydn
_93500
245 0 _aBritain And The World Since 1750 /
_cHaydn Middleton
260 _bBasil Blackwell Oxford,
_c1982.
300 _a128p
942 _cBK
_2ddc
_h941.07
_iMID/B
_k941.07
_mMID/B